|
|
|
|
| LEADER |
02426nam a2200589 i 4500 |
| 001 |
nkc20223438838 |
| 003 |
CZ PrNK |
| 005 |
20230614112655.0 |
| 007 |
ta |
| 008 |
221128s2022 xr ach f 001 0 cze |
| 015 |
|
|
|a cnb003438838
|
| 020 |
|
|
|a 978-80-7036-710-0
|q (Národní muzeum ;
|q vázáno) :
|c Kč 1399,00
|
| 020 |
|
|
|a 978-80-7470-449-9
|q (Akropolis ;
|q vázáno)
|
| 035 |
|
|
|a (OCoLC)1378695031
|
| 040 |
|
|
|a ABA001
|b cze
|e rda
|
| 041 |
0 |
|
|a cze
|b eng
|
| 043 |
|
|
|a e-cs---
|
| 045 |
|
|
|a x4x8
|
| 072 |
|
7 |
|a 659
|x Reklama. Public relations. Média
|2 Konspekt
|9 4
|
| 080 |
|
|
|a 659.1
|2 MRF
|
| 080 |
|
|
|a 659.13/.16
|2 MRF
|
| 080 |
|
|
|a 366-05
|2 MRF
|
| 080 |
|
|
|a (437)
|2 MRF
|
| 080 |
|
|
|a (048.8:082)
|2 MRF
|
| 100 |
1 |
|
|a Táborský, Ondřej,
|d 1981-
|7 ola2016917949
|4 aut
|
| 245 |
1 |
0 |
|a Spotřební imaginace státního socialismu :
|b reklama v Československu 1948-1989 /
|c Ondřej Táborský, Lucie Česálková a kol.
|
| 246 |
3 |
0 |
|a Reklama v Československu 1948-1989
|
| 250 |
|
|
|a Vydání první
|
| 264 |
|
1 |
|a Praha :
|b Národní muzeum :
|b Akropolis,
|c 2022
|
| 300 |
|
|
|a 503 stran :
|b ilustrace (převážně barevné), portréty, faksimile ;
|c 31 cm
|
| 336 |
|
|
|a text
|b txt
|2 rdacontent
|
| 336 |
|
|
|a statický obraz
|b sti
|2 rdacontent
|
| 337 |
|
|
|a bez média
|b n
|2 rdamedia
|
| 338 |
|
|
|a svazek
|b nc
|2 rdacarrier
|
| 504 |
|
|
|a Obsahuje bibliografii, bibliografické odkazy a rejstřík
|
| 546 |
|
|
|a Anglické resumé
|
| 648 |
|
7 |
|a 1948-1989
|7 ch460661
|2 czenas
|
| 650 |
0 |
7 |
|a reklama a propagace
|7 ph116035
|z Československo
|y 1948-1989
|2 czenas
|
| 650 |
0 |
7 |
|a reklamní média
|7 ph125094
|z Československo
|y 1948-1989
|2 czenas
|
| 650 |
0 |
7 |
|a spotřebitelé
|7 ph125967
|z Československo
|y 1948-1989
|2 czenas
|
| 650 |
0 |
9 |
|a advertising
|z Czechoslovakia
|y 1948-1989
|2 eczenas
|
| 650 |
0 |
9 |
|a advertising media
|z Czechoslovakia
|y 1948-1989
|2 eczenas
|
| 650 |
0 |
9 |
|a consumers
|z Czechoslovakia
|y 1948-1989
|2 eczenas
|
| 655 |
|
7 |
|a kolektivní monografie
|7 fd501537
|2 czenas
|
| 655 |
|
9 |
|a collective monographs
|2 eczenas
|
| 700 |
1 |
|
|a Česálková, Lucie,
|d 1983-
|7 xx0079827
|4 aut
|
| 910 |
2 |
|
|a BOA001
|b 4-1509.265
|
| 928 |
9 |
|
|a Filip Tomáš - Akropolis
|
| 990 |
|
|
|a BK
|
| 995 |
|
|
|a 01
|
| 996 |
6 |
|
|b 2610939418
|c 4-1509.265
|l Stud. humanitních věd/4.patr
|r Sklad / do 1 hodiny
|n 7
|p p.v.
|w 001925801
|u 000010
|a 1
|e BOA001
|j MZK50
|s P
|
| 996 |
6 |
|
|b 2610941761
|c 4-1509.265
|l MZK
|r HSS 4p
|n 0
|p kup
|h 659 TÁB
|w 001925801
|u 000020
|a 0
|e BOA001
|j MZK50
|s P
|